<?xml version="1.0" encoding="UTF-8"?>
<record
    xmlns:xsi="http://www.w3.org/2001/XMLSchema-instance"
    xsi:schemaLocation="http://www.loc.gov/MARC21/slim http://www.loc.gov/standards/marcxml/schema/MARC21slim.xsd"
    xmlns="http://www.loc.gov/MARC21/slim">

  <leader>00896pam a2200277 a 4500</leader>
  <controlfield tag="001">1493810</controlfield>
  <controlfield tag="003">OSt</controlfield>
  <controlfield tag="005">20211001134741.0</controlfield>
  <controlfield tag="008">880817s1989    nyua          001 0 eng  </controlfield>
  <datafield tag="010" ind1=" " ind2=" ">
    <subfield code="a">   88028134 </subfield>
  </datafield>
  <datafield tag="020" ind1=" " ind2=" ">
    <subfield code="a">0070547866 :</subfield>
    <subfield code="c">$39.95</subfield>
  </datafield>
  <datafield tag="040" ind1=" " ind2=" ">
    <subfield code="a">DLC</subfield>
    <subfield code="c">HU</subfield>
    <subfield code="d">DLC</subfield>
  </datafield>
  <datafield tag="050" ind1="0" ind2="0">
    <subfield code="a">HB171.5</subfield>
    <subfield code="b">.S25 1989</subfield>
  </datafield>
  <datafield tag="082" ind1="0" ind2="0">
    <subfield code="a">330</subfield>
    <subfield code="2">19</subfield>
  </datafield>
  <datafield tag="100" ind1="1" ind2=" ">
    <subfield code="a">Samuelson, Paul A.</subfield>
    <subfield code="q">(Paul Anthony),</subfield>
    <subfield code="d">1915-2009.</subfield>
    <subfield code="9">9093</subfield>
  </datafield>
  <datafield tag="245" ind1="1" ind2="0">
    <subfield code="a">Economics /</subfield>
    <subfield code="c">Paul A. Samuelson, William D. Nordhaus.</subfield>
  </datafield>
  <datafield tag="250" ind1=" " ind2=" ">
    <subfield code="a">13th ed.</subfield>
  </datafield>
  <datafield tag="260" ind1=" " ind2=" ">
    <subfield code="a">New York :</subfield>
    <subfield code="b">McGraw-Hill,</subfield>
    <subfield code="c">c1989.</subfield>
  </datafield>
  <datafield tag="300" ind1=" " ind2=" ">
    <subfield code="a">xl, 1013 p. :</subfield>
    <subfield code="b">ill. (some col.) ;</subfield>
    <subfield code="c">25 cm.</subfield>
  </datafield>
  <datafield tag="500" ind1=" " ind2=" ">
    <subfield code="a">Includes index.</subfield>
  </datafield>
  <datafield tag="650" ind1=" " ind2="0">
    <subfield code="a">Economics.</subfield>
    <subfield code="9">6695</subfield>
  </datafield>
  <datafield tag="700" ind1="1" ind2=" ">
    <subfield code="a">Nordhaus, William D.</subfield>
    <subfield code="9">9094</subfield>
  </datafield>
  <datafield tag="906" ind1=" " ind2=" ">
    <subfield code="a">7</subfield>
    <subfield code="b">cbc</subfield>
    <subfield code="c">orignew</subfield>
    <subfield code="d">1</subfield>
    <subfield code="e">ocip</subfield>
    <subfield code="f">19</subfield>
    <subfield code="g">y-gencatlg</subfield>
  </datafield>
  <datafield tag="942" ind1=" " ind2=" ">
    <subfield code="2">ddc</subfield>
    <subfield code="c">BOOKS</subfield>
    <subfield code="n">0</subfield>
  </datafield>
  <datafield tag="999" ind1=" " ind2=" ">
    <subfield code="c">8455</subfield>
    <subfield code="d">8455</subfield>
  </datafield>
  <datafield tag="952" ind1=" " ind2=" ">
    <subfield code="0">0</subfield>
    <subfield code="1">0</subfield>
    <subfield code="2">ddc</subfield>
    <subfield code="4">0</subfield>
    <subfield code="7">0</subfield>
    <subfield code="8">REF</subfield>
    <subfield code="a">004</subfield>
    <subfield code="b">004</subfield>
    <subfield code="c">GEN</subfield>
    <subfield code="d">2021-10-01</subfield>
    <subfield code="l">0</subfield>
    <subfield code="o">330 SAM 1989</subfield>
    <subfield code="p">WGCFNRL00000688</subfield>
    <subfield code="r">2021-10-01 00:00:00</subfield>
    <subfield code="t">1</subfield>
    <subfield code="w">2021-10-01</subfield>
    <subfield code="y">BOOKS</subfield>
  </datafield>
  <datafield tag="952" ind1=" " ind2=" ">
    <subfield code="0">0</subfield>
    <subfield code="1">0</subfield>
    <subfield code="2">ddc</subfield>
    <subfield code="4">0</subfield>
    <subfield code="7">0</subfield>
    <subfield code="8">REF</subfield>
    <subfield code="a">004</subfield>
    <subfield code="b">004</subfield>
    <subfield code="c">GEN</subfield>
    <subfield code="d">2021-10-01</subfield>
    <subfield code="l">0</subfield>
    <subfield code="o">330 SAM 1989</subfield>
    <subfield code="p">WGCFNRL00000689</subfield>
    <subfield code="r">2021-10-01 00:00:00</subfield>
    <subfield code="t">2</subfield>
    <subfield code="w">2021-10-01</subfield>
    <subfield code="y">BOOKS</subfield>
  </datafield>
  <datafield tag="952" ind1=" " ind2=" ">
    <subfield code="0">0</subfield>
    <subfield code="1">0</subfield>
    <subfield code="2">ddc</subfield>
    <subfield code="4">0</subfield>
    <subfield code="7">0</subfield>
    <subfield code="8">REF</subfield>
    <subfield code="a">004</subfield>
    <subfield code="b">004</subfield>
    <subfield code="c">GEN</subfield>
    <subfield code="d">2021-10-01</subfield>
    <subfield code="l">0</subfield>
    <subfield code="o">330 SAM 1989</subfield>
    <subfield code="p">WGCFNRL00000690</subfield>
    <subfield code="r">2021-10-01 00:00:00</subfield>
    <subfield code="t">3</subfield>
    <subfield code="w">2021-10-01</subfield>
    <subfield code="y">BOOKS</subfield>
  </datafield>
  <datafield tag="952" ind1=" " ind2=" ">
    <subfield code="0">0</subfield>
    <subfield code="1">0</subfield>
    <subfield code="2">ddc</subfield>
    <subfield code="4">0</subfield>
    <subfield code="7">0</subfield>
    <subfield code="8">REF</subfield>
    <subfield code="a">004</subfield>
    <subfield code="b">004</subfield>
    <subfield code="c">GEN</subfield>
    <subfield code="d">2021-10-01</subfield>
    <subfield code="l">0</subfield>
    <subfield code="o">330 SAM 1989</subfield>
    <subfield code="p">WGCFNRL00000691</subfield>
    <subfield code="r">2021-10-01 00:00:00</subfield>
    <subfield code="t">4</subfield>
    <subfield code="w">2021-10-01</subfield>
    <subfield code="y">BOOKS</subfield>
  </datafield>
  <datafield tag="952" ind1=" " ind2=" ">
    <subfield code="0">0</subfield>
    <subfield code="1">0</subfield>
    <subfield code="2">ddc</subfield>
    <subfield code="4">0</subfield>
    <subfield code="7">0</subfield>
    <subfield code="8">REF</subfield>
    <subfield code="a">004</subfield>
    <subfield code="b">004</subfield>
    <subfield code="c">GEN</subfield>
    <subfield code="d">2021-10-01</subfield>
    <subfield code="l">0</subfield>
    <subfield code="o">330 SAM 1989</subfield>
    <subfield code="p">WGCFNRL00000692</subfield>
    <subfield code="r">2021-10-01 00:00:00</subfield>
    <subfield code="t">5</subfield>
    <subfield code="w">2021-10-01</subfield>
    <subfield code="y">BOOKS</subfield>
  </datafield>
  <datafield tag="952" ind1=" " ind2=" ">
    <subfield code="0">0</subfield>
    <subfield code="1">0</subfield>
    <subfield code="2">ddc</subfield>
    <subfield code="4">0</subfield>
    <subfield code="7">0</subfield>
    <subfield code="8">REF</subfield>
    <subfield code="a">004</subfield>
    <subfield code="b">004</subfield>
    <subfield code="c">GEN</subfield>
    <subfield code="d">2021-10-01</subfield>
    <subfield code="l">0</subfield>
    <subfield code="o">330 SAM 1989</subfield>
    <subfield code="p">WGCFNRL00000693</subfield>
    <subfield code="r">2021-10-01 00:00:00</subfield>
    <subfield code="t">6</subfield>
    <subfield code="w">2021-10-01</subfield>
    <subfield code="y">BOOKS</subfield>
  </datafield>
  <datafield tag="952" ind1=" " ind2=" ">
    <subfield code="0">0</subfield>
    <subfield code="1">0</subfield>
    <subfield code="2">ddc</subfield>
    <subfield code="4">0</subfield>
    <subfield code="7">0</subfield>
    <subfield code="8">REF</subfield>
    <subfield code="a">004</subfield>
    <subfield code="b">004</subfield>
    <subfield code="c">GEN</subfield>
    <subfield code="d">2021-10-01</subfield>
    <subfield code="l">0</subfield>
    <subfield code="o">330 SAM 1989</subfield>
    <subfield code="p">WGCFNRL00000694</subfield>
    <subfield code="r">2021-10-01 00:00:00</subfield>
    <subfield code="t">7</subfield>
    <subfield code="w">2021-10-01</subfield>
    <subfield code="y">BOOKS</subfield>
  </datafield>
  <datafield tag="952" ind1=" " ind2=" ">
    <subfield code="0">0</subfield>
    <subfield code="1">0</subfield>
    <subfield code="2">ddc</subfield>
    <subfield code="4">0</subfield>
    <subfield code="7">0</subfield>
    <subfield code="8">REF</subfield>
    <subfield code="a">004</subfield>
    <subfield code="b">004</subfield>
    <subfield code="c">GEN</subfield>
    <subfield code="d">2021-10-01</subfield>
    <subfield code="l">0</subfield>
    <subfield code="o">330 SAM 1989</subfield>
    <subfield code="p">WGCFNRL00000695</subfield>
    <subfield code="r">2021-10-01 00:00:00</subfield>
    <subfield code="t">8</subfield>
    <subfield code="w">2021-10-01</subfield>
    <subfield code="y">BOOKS</subfield>
  </datafield>
  <datafield tag="952" ind1=" " ind2=" ">
    <subfield code="0">0</subfield>
    <subfield code="1">0</subfield>
    <subfield code="2">ddc</subfield>
    <subfield code="4">0</subfield>
    <subfield code="7">0</subfield>
    <subfield code="8">REF</subfield>
    <subfield code="a">004</subfield>
    <subfield code="b">004</subfield>
    <subfield code="c">GEN</subfield>
    <subfield code="d">2021-10-01</subfield>
    <subfield code="l">0</subfield>
    <subfield code="o">330 SAM 1989</subfield>
    <subfield code="p">WGCFNRL00000696</subfield>
    <subfield code="r">2021-10-01 00:00:00</subfield>
    <subfield code="t">9</subfield>
    <subfield code="w">2021-10-01</subfield>
    <subfield code="y">BOOKS</subfield>
  </datafield>
  <datafield tag="952" ind1=" " ind2=" ">
    <subfield code="0">0</subfield>
    <subfield code="1">0</subfield>
    <subfield code="2">ddc</subfield>
    <subfield code="4">0</subfield>
    <subfield code="7">0</subfield>
    <subfield code="8">REF</subfield>
    <subfield code="a">004</subfield>
    <subfield code="b">004</subfield>
    <subfield code="c">GEN</subfield>
    <subfield code="d">2021-10-01</subfield>
    <subfield code="l">0</subfield>
    <subfield code="o">330 SAM 1989</subfield>
    <subfield code="p">WGCFNRL00000697</subfield>
    <subfield code="r">2021-10-01 00:00:00</subfield>
    <subfield code="t">10</subfield>
    <subfield code="w">2021-10-01</subfield>
    <subfield code="y">BOOKS</subfield>
  </datafield>
  <datafield tag="952" ind1=" " ind2=" ">
    <subfield code="0">0</subfield>
    <subfield code="1">0</subfield>
    <subfield code="2">ddc</subfield>
    <subfield code="4">0</subfield>
    <subfield code="7">0</subfield>
    <subfield code="8">REF</subfield>
    <subfield code="a">004</subfield>
    <subfield code="b">004</subfield>
    <subfield code="c">GEN</subfield>
    <subfield code="d">2021-10-01</subfield>
    <subfield code="l">0</subfield>
    <subfield code="o">330 SAM 1989</subfield>
    <subfield code="p">WGCFNRL00000698</subfield>
    <subfield code="r">2021-10-01 00:00:00</subfield>
    <subfield code="t">11</subfield>
    <subfield code="w">2021-10-01</subfield>
    <subfield code="y">BOOKS</subfield>
  </datafield>
  <datafield tag="952" ind1=" " ind2=" ">
    <subfield code="0">0</subfield>
    <subfield code="1">0</subfield>
    <subfield code="2">ddc</subfield>
    <subfield code="4">0</subfield>
    <subfield code="7">0</subfield>
    <subfield code="8">REF</subfield>
    <subfield code="a">004</subfield>
    <subfield code="b">004</subfield>
    <subfield code="c">GEN</subfield>
    <subfield code="d">2021-10-01</subfield>
    <subfield code="l">0</subfield>
    <subfield code="o">330 SAM 1989</subfield>
    <subfield code="p">WGCFNRL00000699</subfield>
    <subfield code="r">2021-10-01 00:00:00</subfield>
    <subfield code="t">12</subfield>
    <subfield code="w">2021-10-01</subfield>
    <subfield code="y">BOOKS</subfield>
  </datafield>
  <datafield tag="952" ind1=" " ind2=" ">
    <subfield code="0">0</subfield>
    <subfield code="1">0</subfield>
    <subfield code="2">ddc</subfield>
    <subfield code="4">0</subfield>
    <subfield code="7">0</subfield>
    <subfield code="8">REF</subfield>
    <subfield code="a">004</subfield>
    <subfield code="b">004</subfield>
    <subfield code="c">GEN</subfield>
    <subfield code="d">2021-10-01</subfield>
    <subfield code="l">0</subfield>
    <subfield code="o">330 SAM 1989</subfield>
    <subfield code="p">WGCFNRL00000700</subfield>
    <subfield code="r">2021-10-01 00:00:00</subfield>
    <subfield code="t">13</subfield>
    <subfield code="w">2021-10-01</subfield>
    <subfield code="y">BOOKS</subfield>
  </datafield>
  <datafield tag="952" ind1=" " ind2=" ">
    <subfield code="0">0</subfield>
    <subfield code="1">0</subfield>
    <subfield code="2">ddc</subfield>
    <subfield code="4">0</subfield>
    <subfield code="7">0</subfield>
    <subfield code="8">REF</subfield>
    <subfield code="a">004</subfield>
    <subfield code="b">004</subfield>
    <subfield code="c">GEN</subfield>
    <subfield code="d">2021-10-01</subfield>
    <subfield code="l">0</subfield>
    <subfield code="o">330 SAM 1989</subfield>
    <subfield code="p">WGCFNRL00000701</subfield>
    <subfield code="r">2021-10-01 00:00:00</subfield>
    <subfield code="t">14</subfield>
    <subfield code="w">2021-10-01</subfield>
    <subfield code="y">BOOKS</subfield>
  </datafield>
  <datafield tag="952" ind1=" " ind2=" ">
    <subfield code="0">0</subfield>
    <subfield code="1">0</subfield>
    <subfield code="2">ddc</subfield>
    <subfield code="4">0</subfield>
    <subfield code="7">0</subfield>
    <subfield code="8">REF</subfield>
    <subfield code="a">004</subfield>
    <subfield code="b">004</subfield>
    <subfield code="c">GEN</subfield>
    <subfield code="d">2021-10-01</subfield>
    <subfield code="l">0</subfield>
    <subfield code="o">330 SAM 1989</subfield>
    <subfield code="p">WGCFNRL00000702</subfield>
    <subfield code="r">2021-10-01 00:00:00</subfield>
    <subfield code="t">15</subfield>
    <subfield code="w">2021-10-01</subfield>
    <subfield code="y">BOOKS</subfield>
  </datafield>
  <datafield tag="952" ind1=" " ind2=" ">
    <subfield code="0">0</subfield>
    <subfield code="1">0</subfield>
    <subfield code="2">ddc</subfield>
    <subfield code="4">0</subfield>
    <subfield code="7">0</subfield>
    <subfield code="8">REF</subfield>
    <subfield code="a">004</subfield>
    <subfield code="b">004</subfield>
    <subfield code="c">GEN</subfield>
    <subfield code="d">2021-10-01</subfield>
    <subfield code="l">0</subfield>
    <subfield code="o">330 SAM 1989</subfield>
    <subfield code="p">WGCFNRL00000703</subfield>
    <subfield code="r">2021-10-01 00:00:00</subfield>
    <subfield code="t">16</subfield>
    <subfield code="w">2021-10-01</subfield>
    <subfield code="y">BOOKS</subfield>
  </datafield>
  <datafield tag="952" ind1=" " ind2=" ">
    <subfield code="0">0</subfield>
    <subfield code="1">0</subfield>
    <subfield code="2">ddc</subfield>
    <subfield code="4">0</subfield>
    <subfield code="7">0</subfield>
    <subfield code="8">REF</subfield>
    <subfield code="a">004</subfield>
    <subfield code="b">004</subfield>
    <subfield code="c">GEN</subfield>
    <subfield code="d">2021-10-01</subfield>
    <subfield code="l">0</subfield>
    <subfield code="o">330 SAM 1989</subfield>
    <subfield code="p">WGCFNRL00000704</subfield>
    <subfield code="r">2021-10-01 00:00:00</subfield>
    <subfield code="t">17</subfield>
    <subfield code="w">2021-10-01</subfield>
    <subfield code="y">BOOKS</subfield>
  </datafield>
  <datafield tag="952" ind1=" " ind2=" ">
    <subfield code="0">0</subfield>
    <subfield code="1">0</subfield>
    <subfield code="2">ddc</subfield>
    <subfield code="4">0</subfield>
    <subfield code="7">0</subfield>
    <subfield code="8">REF</subfield>
    <subfield code="a">004</subfield>
    <subfield code="b">004</subfield>
    <subfield code="c">GEN</subfield>
    <subfield code="d">2021-10-01</subfield>
    <subfield code="l">0</subfield>
    <subfield code="o">330 SAM 1989</subfield>
    <subfield code="p">WGCFNRL00000705</subfield>
    <subfield code="r">2021-10-01 00:00:00</subfield>
    <subfield code="t">18</subfield>
    <subfield code="w">2021-10-01</subfield>
    <subfield code="y">BOOKS</subfield>
  </datafield>
  <datafield tag="952" ind1=" " ind2=" ">
    <subfield code="0">0</subfield>
    <subfield code="1">0</subfield>
    <subfield code="2">ddc</subfield>
    <subfield code="4">0</subfield>
    <subfield code="7">0</subfield>
    <subfield code="8">REF</subfield>
    <subfield code="a">004</subfield>
    <subfield code="b">004</subfield>
    <subfield code="c">GEN</subfield>
    <subfield code="d">2021-10-01</subfield>
    <subfield code="l">0</subfield>
    <subfield code="o">330 SAM 1989</subfield>
    <subfield code="p">WGCFNRL00000706</subfield>
    <subfield code="r">2021-10-01 00:00:00</subfield>
    <subfield code="t">19</subfield>
    <subfield code="w">2021-10-01</subfield>
    <subfield code="y">BOOKS</subfield>
  </datafield>
  <datafield tag="952" ind1=" " ind2=" ">
    <subfield code="0">0</subfield>
    <subfield code="1">0</subfield>
    <subfield code="2">ddc</subfield>
    <subfield code="4">0</subfield>
    <subfield code="7">0</subfield>
    <subfield code="8">REF</subfield>
    <subfield code="a">004</subfield>
    <subfield code="b">004</subfield>
    <subfield code="c">GEN</subfield>
    <subfield code="d">2021-10-01</subfield>
    <subfield code="l">0</subfield>
    <subfield code="o">330 SAM 1989</subfield>
    <subfield code="p">WGCFNRL00000707</subfield>
    <subfield code="r">2021-10-01 00:00:00</subfield>
    <subfield code="t">20</subfield>
    <subfield code="w">2021-10-01</subfield>
    <subfield code="y">BOOKS</subfield>
  </datafield>
  <datafield tag="952" ind1=" " ind2=" ">
    <subfield code="0">0</subfield>
    <subfield code="1">0</subfield>
    <subfield code="2">ddc</subfield>
    <subfield code="4">0</subfield>
    <subfield code="7">0</subfield>
    <subfield code="8">REF</subfield>
    <subfield code="a">004</subfield>
    <subfield code="b">004</subfield>
    <subfield code="c">GEN</subfield>
    <subfield code="d">2021-10-01</subfield>
    <subfield code="l">0</subfield>
    <subfield code="o">330 SAM 1989</subfield>
    <subfield code="p">WGCFNRL00000708</subfield>
    <subfield code="r">2021-10-01 00:00:00</subfield>
    <subfield code="t">21</subfield>
    <subfield code="w">2021-10-01</subfield>
    <subfield code="y">BOOKS</subfield>
  </datafield>
  <datafield tag="952" ind1=" " ind2=" ">
    <subfield code="0">0</subfield>
    <subfield code="1">0</subfield>
    <subfield code="2">ddc</subfield>
    <subfield code="4">0</subfield>
    <subfield code="7">0</subfield>
    <subfield code="8">REF</subfield>
    <subfield code="a">004</subfield>
    <subfield code="b">004</subfield>
    <subfield code="c">GEN</subfield>
    <subfield code="d">2021-10-01</subfield>
    <subfield code="l">0</subfield>
    <subfield code="o">330 SAM 1989</subfield>
    <subfield code="p">WGCFNRL00000709</subfield>
    <subfield code="r">2021-10-01 00:00:00</subfield>
    <subfield code="t">22</subfield>
    <subfield code="w">2021-10-01</subfield>
    <subfield code="y">BOOKS</subfield>
  </datafield>
  <datafield tag="952" ind1=" " ind2=" ">
    <subfield code="0">0</subfield>
    <subfield code="1">0</subfield>
    <subfield code="2">ddc</subfield>
    <subfield code="4">0</subfield>
    <subfield code="7">0</subfield>
    <subfield code="8">REF</subfield>
    <subfield code="a">004</subfield>
    <subfield code="b">004</subfield>
    <subfield code="c">GEN</subfield>
    <subfield code="d">2021-10-01</subfield>
    <subfield code="l">0</subfield>
    <subfield code="o">330 SAM 1989</subfield>
    <subfield code="p">WGCFNRL00000710</subfield>
    <subfield code="r">2021-10-01 00:00:00</subfield>
    <subfield code="t">23</subfield>
    <subfield code="w">2021-10-01</subfield>
    <subfield code="y">BOOKS</subfield>
  </datafield>
  <datafield tag="952" ind1=" " ind2=" ">
    <subfield code="0">0</subfield>
    <subfield code="1">0</subfield>
    <subfield code="2">ddc</subfield>
    <subfield code="4">0</subfield>
    <subfield code="7">0</subfield>
    <subfield code="8">REF</subfield>
    <subfield code="a">004</subfield>
    <subfield code="b">004</subfield>
    <subfield code="c">GEN</subfield>
    <subfield code="d">2021-10-01</subfield>
    <subfield code="l">0</subfield>
    <subfield code="o">330 SAM 1989</subfield>
    <subfield code="p">WGCFNRL00000711</subfield>
    <subfield code="r">2021-10-01 00:00:00</subfield>
    <subfield code="t">24</subfield>
    <subfield code="w">2021-10-01</subfield>
    <subfield code="y">BOOKS</subfield>
  </datafield>
  <datafield tag="952" ind1=" " ind2=" ">
    <subfield code="0">0</subfield>
    <subfield code="1">0</subfield>
    <subfield code="2">ddc</subfield>
    <subfield code="4">0</subfield>
    <subfield code="7">0</subfield>
    <subfield code="8">REF</subfield>
    <subfield code="a">004</subfield>
    <subfield code="b">004</subfield>
    <subfield code="c">GEN</subfield>
    <subfield code="d">2021-10-01</subfield>
    <subfield code="l">0</subfield>
    <subfield code="o">330 SAM 1989</subfield>
    <subfield code="p">WGCFNRL00000712</subfield>
    <subfield code="r">2021-10-01 00:00:00</subfield>
    <subfield code="t">25</subfield>
    <subfield code="w">2021-10-01</subfield>
    <subfield code="y">BOOKS</subfield>
  </datafield>
  <datafield tag="952" ind1=" " ind2=" ">
    <subfield code="0">0</subfield>
    <subfield code="1">0</subfield>
    <subfield code="2">ddc</subfield>
    <subfield code="4">0</subfield>
    <subfield code="7">0</subfield>
    <subfield code="8">REF</subfield>
    <subfield code="a">004</subfield>
    <subfield code="b">004</subfield>
    <subfield code="c">GEN</subfield>
    <subfield code="d">2021-10-01</subfield>
    <subfield code="l">0</subfield>
    <subfield code="o">330 SAM 1989</subfield>
    <subfield code="p">WGCFNRL00000713</subfield>
    <subfield code="r">2021-10-01 00:00:00</subfield>
    <subfield code="t">26</subfield>
    <subfield code="w">2021-10-01</subfield>
    <subfield code="y">BOOKS</subfield>
  </datafield>
  <datafield tag="952" ind1=" " ind2=" ">
    <subfield code="0">0</subfield>
    <subfield code="1">0</subfield>
    <subfield code="2">ddc</subfield>
    <subfield code="4">0</subfield>
    <subfield code="7">0</subfield>
    <subfield code="8">REF</subfield>
    <subfield code="a">004</subfield>
    <subfield code="b">004</subfield>
    <subfield code="c">GEN</subfield>
    <subfield code="d">2021-10-01</subfield>
    <subfield code="l">0</subfield>
    <subfield code="o">330 SAM 1989</subfield>
    <subfield code="p">WGCFNRL00000714</subfield>
    <subfield code="r">2021-10-01 00:00:00</subfield>
    <subfield code="t">27</subfield>
    <subfield code="w">2021-10-01</subfield>
    <subfield code="y">BOOKS</subfield>
  </datafield>
  <datafield tag="952" ind1=" " ind2=" ">
    <subfield code="0">0</subfield>
    <subfield code="1">0</subfield>
    <subfield code="2">ddc</subfield>
    <subfield code="4">0</subfield>
    <subfield code="7">0</subfield>
    <subfield code="8">REF</subfield>
    <subfield code="a">004</subfield>
    <subfield code="b">004</subfield>
    <subfield code="c">GEN</subfield>
    <subfield code="d">2021-10-01</subfield>
    <subfield code="l">0</subfield>
    <subfield code="o">330 SAM 1989</subfield>
    <subfield code="p">WGCFNRL00000715</subfield>
    <subfield code="r">2021-10-01 00:00:00</subfield>
    <subfield code="t">28</subfield>
    <subfield code="w">2021-10-01</subfield>
    <subfield code="y">BOOKS</subfield>
  </datafield>
  <datafield tag="952" ind1=" " ind2=" ">
    <subfield code="0">0</subfield>
    <subfield code="1">0</subfield>
    <subfield code="2">ddc</subfield>
    <subfield code="4">0</subfield>
    <subfield code="7">0</subfield>
    <subfield code="8">REF</subfield>
    <subfield code="a">004</subfield>
    <subfield code="b">004</subfield>
    <subfield code="c">GEN</subfield>
    <subfield code="d">2021-10-01</subfield>
    <subfield code="l">0</subfield>
    <subfield code="o">330 SAM 1989</subfield>
    <subfield code="p">WGCFNRL00000716</subfield>
    <subfield code="r">2021-10-01 00:00:00</subfield>
    <subfield code="t">29</subfield>
    <subfield code="w">2021-10-01</subfield>
    <subfield code="y">BOOKS</subfield>
  </datafield>
  <datafield tag="952" ind1=" " ind2=" ">
    <subfield code="0">0</subfield>
    <subfield code="1">0</subfield>
    <subfield code="2">ddc</subfield>
    <subfield code="4">0</subfield>
    <subfield code="7">0</subfield>
    <subfield code="8">REF</subfield>
    <subfield code="a">004</subfield>
    <subfield code="b">004</subfield>
    <subfield code="c">GEN</subfield>
    <subfield code="d">2021-10-01</subfield>
    <subfield code="l">0</subfield>
    <subfield code="o">330 SAM 1989</subfield>
    <subfield code="p">WGCFNRL00000717</subfield>
    <subfield code="r">2021-10-01 00:00:00</subfield>
    <subfield code="t">30</subfield>
    <subfield code="w">2021-10-01</subfield>
    <subfield code="y">BOOKS</subfield>
  </datafield>
  <datafield tag="952" ind1=" " ind2=" ">
    <subfield code="0">0</subfield>
    <subfield code="1">0</subfield>
    <subfield code="2">ddc</subfield>
    <subfield code="4">0</subfield>
    <subfield code="7">0</subfield>
    <subfield code="8">REF</subfield>
    <subfield code="a">004</subfield>
    <subfield code="b">004</subfield>
    <subfield code="c">GEN</subfield>
    <subfield code="d">2021-10-01</subfield>
    <subfield code="l">0</subfield>
    <subfield code="o">330 SAM 1989</subfield>
    <subfield code="p">WGCFNRL00000718</subfield>
    <subfield code="r">2021-10-01 00:00:00</subfield>
    <subfield code="t">31</subfield>
    <subfield code="w">2021-10-01</subfield>
    <subfield code="y">BOOKS</subfield>
  </datafield>
  <datafield tag="952" ind1=" " ind2=" ">
    <subfield code="0">0</subfield>
    <subfield code="1">0</subfield>
    <subfield code="2">ddc</subfield>
    <subfield code="4">0</subfield>
    <subfield code="7">0</subfield>
    <subfield code="8">REF</subfield>
    <subfield code="a">004</subfield>
    <subfield code="b">004</subfield>
    <subfield code="c">GEN</subfield>
    <subfield code="d">2021-10-01</subfield>
    <subfield code="l">0</subfield>
    <subfield code="o">330 SAM 1989</subfield>
    <subfield code="p">WGCFNRL00000719</subfield>
    <subfield code="r">2021-10-01 00:00:00</subfield>
    <subfield code="t">32</subfield>
    <subfield code="w">2021-10-01</subfield>
    <subfield code="y">BOOKS</subfield>
  </datafield>
  <datafield tag="952" ind1=" " ind2=" ">
    <subfield code="0">0</subfield>
    <subfield code="1">0</subfield>
    <subfield code="2">ddc</subfield>
    <subfield code="4">0</subfield>
    <subfield code="7">0</subfield>
    <subfield code="8">REF</subfield>
    <subfield code="a">004</subfield>
    <subfield code="b">004</subfield>
    <subfield code="c">GEN</subfield>
    <subfield code="d">2021-10-01</subfield>
    <subfield code="l">0</subfield>
    <subfield code="o">330 SAM 1989</subfield>
    <subfield code="p">WGCFNRL00000720</subfield>
    <subfield code="r">2021-10-01 00:00:00</subfield>
    <subfield code="t">33</subfield>
    <subfield code="w">2021-10-01</subfield>
    <subfield code="y">BOOKS</subfield>
  </datafield>
  <datafield tag="952" ind1=" " ind2=" ">
    <subfield code="0">0</subfield>
    <subfield code="1">0</subfield>
    <subfield code="2">ddc</subfield>
    <subfield code="4">0</subfield>
    <subfield code="7">0</subfield>
    <subfield code="8">REF</subfield>
    <subfield code="a">004</subfield>
    <subfield code="b">004</subfield>
    <subfield code="c">GEN</subfield>
    <subfield code="d">2021-10-01</subfield>
    <subfield code="l">0</subfield>
    <subfield code="o">330 SAM 1989</subfield>
    <subfield code="p">WGCFNRL00000721</subfield>
    <subfield code="r">2021-10-01 00:00:00</subfield>
    <subfield code="t">34</subfield>
    <subfield code="w">2021-10-01</subfield>
    <subfield code="y">BOOKS</subfield>
  </datafield>
  <datafield tag="952" ind1=" " ind2=" ">
    <subfield code="0">0</subfield>
    <subfield code="1">0</subfield>
    <subfield code="2">ddc</subfield>
    <subfield code="4">0</subfield>
    <subfield code="7">0</subfield>
    <subfield code="8">REF</subfield>
    <subfield code="a">004</subfield>
    <subfield code="b">004</subfield>
    <subfield code="c">GEN</subfield>
    <subfield code="d">2021-10-01</subfield>
    <subfield code="l">0</subfield>
    <subfield code="o">330 SAM 1989</subfield>
    <subfield code="p">WGCFNRL00000722</subfield>
    <subfield code="r">2021-10-01 00:00:00</subfield>
    <subfield code="t">35</subfield>
    <subfield code="w">2021-10-01</subfield>
    <subfield code="y">BOOKS</subfield>
  </datafield>
  <datafield tag="952" ind1=" " ind2=" ">
    <subfield code="0">0</subfield>
    <subfield code="1">0</subfield>
    <subfield code="2">ddc</subfield>
    <subfield code="4">0</subfield>
    <subfield code="7">0</subfield>
    <subfield code="8">REF</subfield>
    <subfield code="a">004</subfield>
    <subfield code="b">004</subfield>
    <subfield code="c">GEN</subfield>
    <subfield code="d">2021-10-01</subfield>
    <subfield code="l">0</subfield>
    <subfield code="o">330 SAM 1989</subfield>
    <subfield code="p">WGCFNRL00000723</subfield>
    <subfield code="r">2021-10-01 00:00:00</subfield>
    <subfield code="t">36</subfield>
    <subfield code="w">2021-10-01</subfield>
    <subfield code="y">BOOKS</subfield>
  </datafield>
  <datafield tag="952" ind1=" " ind2=" ">
    <subfield code="0">0</subfield>
    <subfield code="1">0</subfield>
    <subfield code="2">ddc</subfield>
    <subfield code="4">0</subfield>
    <subfield code="7">0</subfield>
    <subfield code="8">REF</subfield>
    <subfield code="a">004</subfield>
    <subfield code="b">004</subfield>
    <subfield code="c">GEN</subfield>
    <subfield code="d">2021-10-01</subfield>
    <subfield code="l">0</subfield>
    <subfield code="o">330 SAM 1989</subfield>
    <subfield code="p">WGCFNRL00000724</subfield>
    <subfield code="r">2021-10-01 00:00:00</subfield>
    <subfield code="t">37</subfield>
    <subfield code="w">2021-10-01</subfield>
    <subfield code="y">BOOKS</subfield>
  </datafield>
  <datafield tag="952" ind1=" " ind2=" ">
    <subfield code="0">0</subfield>
    <subfield code="1">0</subfield>
    <subfield code="2">ddc</subfield>
    <subfield code="4">0</subfield>
    <subfield code="7">0</subfield>
    <subfield code="8">REF</subfield>
    <subfield code="a">004</subfield>
    <subfield code="b">004</subfield>
    <subfield code="c">GEN</subfield>
    <subfield code="d">2021-10-01</subfield>
    <subfield code="l">0</subfield>
    <subfield code="o">330 SAM 1989</subfield>
    <subfield code="p">WGCFNRL00000725</subfield>
    <subfield code="r">2021-10-01 00:00:00</subfield>
    <subfield code="t">38</subfield>
    <subfield code="w">2021-10-01</subfield>
    <subfield code="y">BOOKS</subfield>
  </datafield>
  <datafield tag="952" ind1=" " ind2=" ">
    <subfield code="0">0</subfield>
    <subfield code="1">0</subfield>
    <subfield code="2">ddc</subfield>
    <subfield code="4">0</subfield>
    <subfield code="7">0</subfield>
    <subfield code="8">REF</subfield>
    <subfield code="a">004</subfield>
    <subfield code="b">004</subfield>
    <subfield code="c">GEN</subfield>
    <subfield code="d">2021-10-01</subfield>
    <subfield code="l">0</subfield>
    <subfield code="o">330 SAM 1989</subfield>
    <subfield code="p">WGCFNRL00000726</subfield>
    <subfield code="r">2021-10-01 00:00:00</subfield>
    <subfield code="t">39</subfield>
    <subfield code="w">2021-10-01</subfield>
    <subfield code="y">BOOKS</subfield>
  </datafield>
  <datafield tag="952" ind1=" " ind2=" ">
    <subfield code="0">0</subfield>
    <subfield code="1">0</subfield>
    <subfield code="2">ddc</subfield>
    <subfield code="4">0</subfield>
    <subfield code="7">0</subfield>
    <subfield code="8">REF</subfield>
    <subfield code="a">004</subfield>
    <subfield code="b">004</subfield>
    <subfield code="c">GEN</subfield>
    <subfield code="d">2021-10-01</subfield>
    <subfield code="l">0</subfield>
    <subfield code="o">330 SAM 1989</subfield>
    <subfield code="p">WGCFNRL00000727</subfield>
    <subfield code="r">2021-10-01 00:00:00</subfield>
    <subfield code="t">40</subfield>
    <subfield code="w">2021-10-01</subfield>
    <subfield code="y">BOOKS</subfield>
  </datafield>
  <datafield tag="952" ind1=" " ind2=" ">
    <subfield code="0">0</subfield>
    <subfield code="1">0</subfield>
    <subfield code="2">ddc</subfield>
    <subfield code="4">0</subfield>
    <subfield code="7">0</subfield>
    <subfield code="8">REF</subfield>
    <subfield code="a">004</subfield>
    <subfield code="b">004</subfield>
    <subfield code="c">GEN</subfield>
    <subfield code="d">2021-10-01</subfield>
    <subfield code="l">0</subfield>
    <subfield code="o">330 SAM 1989</subfield>
    <subfield code="p">WGCFNRL00000728</subfield>
    <subfield code="r">2021-10-01 00:00:00</subfield>
    <subfield code="t">41</subfield>
    <subfield code="w">2021-10-01</subfield>
    <subfield code="y">BOOKS</subfield>
  </datafield>
  <datafield tag="952" ind1=" " ind2=" ">
    <subfield code="0">0</subfield>
    <subfield code="1">0</subfield>
    <subfield code="2">ddc</subfield>
    <subfield code="4">0</subfield>
    <subfield code="7">0</subfield>
    <subfield code="8">REF</subfield>
    <subfield code="a">004</subfield>
    <subfield code="b">004</subfield>
    <subfield code="c">GEN</subfield>
    <subfield code="d">2021-10-01</subfield>
    <subfield code="l">0</subfield>
    <subfield code="o">330 SAM 1989</subfield>
    <subfield code="p">WGCFNRL00000729</subfield>
    <subfield code="r">2021-10-01 00:00:00</subfield>
    <subfield code="t">42</subfield>
    <subfield code="w">2021-10-01</subfield>
    <subfield code="y">BOOKS</subfield>
  </datafield>
  <datafield tag="952" ind1=" " ind2=" ">
    <subfield code="0">0</subfield>
    <subfield code="1">0</subfield>
    <subfield code="2">ddc</subfield>
    <subfield code="4">0</subfield>
    <subfield code="7">0</subfield>
    <subfield code="8">REF</subfield>
    <subfield code="a">004</subfield>
    <subfield code="b">004</subfield>
    <subfield code="c">GEN</subfield>
    <subfield code="d">2021-10-01</subfield>
    <subfield code="l">0</subfield>
    <subfield code="o">330 SAM 1989</subfield>
    <subfield code="p">WGCFNRL00000730</subfield>
    <subfield code="r">2021-10-01 00:00:00</subfield>
    <subfield code="t">43</subfield>
    <subfield code="w">2021-10-01</subfield>
    <subfield code="y">BOOKS</subfield>
  </datafield>
  <datafield tag="952" ind1=" " ind2=" ">
    <subfield code="0">0</subfield>
    <subfield code="1">0</subfield>
    <subfield code="2">ddc</subfield>
    <subfield code="4">0</subfield>
    <subfield code="7">0</subfield>
    <subfield code="8">REF</subfield>
    <subfield code="a">004</subfield>
    <subfield code="b">004</subfield>
    <subfield code="c">GEN</subfield>
    <subfield code="d">2021-10-01</subfield>
    <subfield code="l">0</subfield>
    <subfield code="o">330 SAM 1989</subfield>
    <subfield code="p">WGCFNRL00000731</subfield>
    <subfield code="r">2021-10-01 00:00:00</subfield>
    <subfield code="t">44</subfield>
    <subfield code="w">2021-10-01</subfield>
    <subfield code="y">BOOKS</subfield>
  </datafield>
  <datafield tag="952" ind1=" " ind2=" ">
    <subfield code="0">0</subfield>
    <subfield code="1">0</subfield>
    <subfield code="2">ddc</subfield>
    <subfield code="4">0</subfield>
    <subfield code="7">0</subfield>
    <subfield code="8">REF</subfield>
    <subfield code="a">004</subfield>
    <subfield code="b">004</subfield>
    <subfield code="c">GEN</subfield>
    <subfield code="d">2021-10-01</subfield>
    <subfield code="l">0</subfield>
    <subfield code="o">330 SAM 1989</subfield>
    <subfield code="p">WGCFNRL00000732</subfield>
    <subfield code="r">2021-10-01 00:00:00</subfield>
    <subfield code="t">45</subfield>
    <subfield code="w">2021-10-01</subfield>
    <subfield code="y">BOOKS</subfield>
  </datafield>
  <datafield tag="952" ind1=" " ind2=" ">
    <subfield code="0">0</subfield>
    <subfield code="1">0</subfield>
    <subfield code="2">ddc</subfield>
    <subfield code="4">0</subfield>
    <subfield code="7">0</subfield>
    <subfield code="8">REF</subfield>
    <subfield code="a">004</subfield>
    <subfield code="b">004</subfield>
    <subfield code="c">GEN</subfield>
    <subfield code="d">2021-10-01</subfield>
    <subfield code="l">0</subfield>
    <subfield code="o">330 SAM 1989</subfield>
    <subfield code="p">WGCFNRL00000733</subfield>
    <subfield code="r">2021-10-01 00:00:00</subfield>
    <subfield code="t">46</subfield>
    <subfield code="w">2021-10-01</subfield>
    <subfield code="y">BOOKS</subfield>
  </datafield>
  <datafield tag="952" ind1=" " ind2=" ">
    <subfield code="0">0</subfield>
    <subfield code="1">0</subfield>
    <subfield code="2">ddc</subfield>
    <subfield code="4">0</subfield>
    <subfield code="7">0</subfield>
    <subfield code="8">REF</subfield>
    <subfield code="a">004</subfield>
    <subfield code="b">004</subfield>
    <subfield code="c">GEN</subfield>
    <subfield code="d">2021-10-01</subfield>
    <subfield code="l">0</subfield>
    <subfield code="o">330 SAM 1989</subfield>
    <subfield code="p">WGCFNRL00000734</subfield>
    <subfield code="r">2021-10-01 00:00:00</subfield>
    <subfield code="t">47</subfield>
    <subfield code="w">2021-10-01</subfield>
    <subfield code="y">BOOKS</subfield>
  </datafield>
  <datafield tag="952" ind1=" " ind2=" ">
    <subfield code="0">0</subfield>
    <subfield code="1">0</subfield>
    <subfield code="2">ddc</subfield>
    <subfield code="4">0</subfield>
    <subfield code="7">0</subfield>
    <subfield code="8">REF</subfield>
    <subfield code="a">004</subfield>
    <subfield code="b">004</subfield>
    <subfield code="c">GEN</subfield>
    <subfield code="d">2021-10-01</subfield>
    <subfield code="l">0</subfield>
    <subfield code="o">330 SAM 1989</subfield>
    <subfield code="p">WGCFNRL00000735</subfield>
    <subfield code="r">2021-10-01 00:00:00</subfield>
    <subfield code="t">48</subfield>
    <subfield code="w">2021-10-01</subfield>
    <subfield code="y">BOOKS</subfield>
  </datafield>
  <datafield tag="952" ind1=" " ind2=" ">
    <subfield code="0">0</subfield>
    <subfield code="1">0</subfield>
    <subfield code="2">ddc</subfield>
    <subfield code="4">0</subfield>
    <subfield code="7">0</subfield>
    <subfield code="8">REF</subfield>
    <subfield code="a">004</subfield>
    <subfield code="b">004</subfield>
    <subfield code="c">GEN</subfield>
    <subfield code="d">2021-10-01</subfield>
    <subfield code="l">0</subfield>
    <subfield code="o">330 SAM 1989</subfield>
    <subfield code="p">WGCFNRL00000736</subfield>
    <subfield code="r">2021-10-01 00:00:00</subfield>
    <subfield code="t">49</subfield>
    <subfield code="w">2021-10-01</subfield>
    <subfield code="y">BOOKS</subfield>
  </datafield>
  <datafield tag="952" ind1=" " ind2=" ">
    <subfield code="0">0</subfield>
    <subfield code="1">0</subfield>
    <subfield code="2">ddc</subfield>
    <subfield code="4">0</subfield>
    <subfield code="7">0</subfield>
    <subfield code="8">REF</subfield>
    <subfield code="a">004</subfield>
    <subfield code="b">004</subfield>
    <subfield code="c">GEN</subfield>
    <subfield code="d">2021-10-01</subfield>
    <subfield code="l">0</subfield>
    <subfield code="o">330 SAM 1989</subfield>
    <subfield code="p">WGCFNRL00000737</subfield>
    <subfield code="r">2021-10-01 00:00:00</subfield>
    <subfield code="t">50</subfield>
    <subfield code="w">2021-10-01</subfield>
    <subfield code="y">BOOKS</subfield>
  </datafield>
  <datafield tag="952" ind1=" " ind2=" ">
    <subfield code="0">0</subfield>
    <subfield code="1">0</subfield>
    <subfield code="2">ddc</subfield>
    <subfield code="4">0</subfield>
    <subfield code="7">0</subfield>
    <subfield code="8">REF</subfield>
    <subfield code="a">004</subfield>
    <subfield code="b">004</subfield>
    <subfield code="c">GEN</subfield>
    <subfield code="d">2021-10-01</subfield>
    <subfield code="l">0</subfield>
    <subfield code="o">330 SAM 1989</subfield>
    <subfield code="p">WGCFNRL00000738</subfield>
    <subfield code="r">2021-10-01 00:00:00</subfield>
    <subfield code="t">51</subfield>
    <subfield code="w">2021-10-01</subfield>
    <subfield code="y">BOOKS</subfield>
  </datafield>
  <datafield tag="952" ind1=" " ind2=" ">
    <subfield code="0">0</subfield>
    <subfield code="1">0</subfield>
    <subfield code="2">ddc</subfield>
    <subfield code="4">0</subfield>
    <subfield code="7">0</subfield>
    <subfield code="8">REF</subfield>
    <subfield code="a">004</subfield>
    <subfield code="b">004</subfield>
    <subfield code="c">GEN</subfield>
    <subfield code="d">2021-10-01</subfield>
    <subfield code="l">0</subfield>
    <subfield code="o">330 SAM 1989</subfield>
    <subfield code="p">WGCFNRL00000739</subfield>
    <subfield code="r">2021-10-01 00:00:00</subfield>
    <subfield code="t">52</subfield>
    <subfield code="w">2021-10-01</subfield>
    <subfield code="y">BOOKS</subfield>
  </datafield>
  <datafield tag="952" ind1=" " ind2=" ">
    <subfield code="0">0</subfield>
    <subfield code="1">0</subfield>
    <subfield code="2">ddc</subfield>
    <subfield code="4">0</subfield>
    <subfield code="7">0</subfield>
    <subfield code="8">REF</subfield>
    <subfield code="a">004</subfield>
    <subfield code="b">004</subfield>
    <subfield code="c">GEN</subfield>
    <subfield code="d">2021-10-01</subfield>
    <subfield code="l">0</subfield>
    <subfield code="o">330 SAM 1989</subfield>
    <subfield code="p">WGCFNRL00000740</subfield>
    <subfield code="r">2021-10-01 00:00:00</subfield>
    <subfield code="t">53</subfield>
    <subfield code="w">2021-10-01</subfield>
    <subfield code="y">BOOKS</subfield>
  </datafield>
  <datafield tag="952" ind1=" " ind2=" ">
    <subfield code="0">0</subfield>
    <subfield code="1">0</subfield>
    <subfield code="2">ddc</subfield>
    <subfield code="4">0</subfield>
    <subfield code="7">0</subfield>
    <subfield code="8">REF</subfield>
    <subfield code="a">004</subfield>
    <subfield code="b">004</subfield>
    <subfield code="c">GEN</subfield>
    <subfield code="d">2021-10-01</subfield>
    <subfield code="l">0</subfield>
    <subfield code="o">330 SAM 1989</subfield>
    <subfield code="p">WGCFNRL00000741</subfield>
    <subfield code="r">2021-10-01 00:00:00</subfield>
    <subfield code="t">54</subfield>
    <subfield code="w">2021-10-01</subfield>
    <subfield code="y">BOOKS</subfield>
  </datafield>
  <datafield tag="952" ind1=" " ind2=" ">
    <subfield code="0">0</subfield>
    <subfield code="1">0</subfield>
    <subfield code="2">ddc</subfield>
    <subfield code="4">0</subfield>
    <subfield code="7">0</subfield>
    <subfield code="8">REF</subfield>
    <subfield code="a">004</subfield>
    <subfield code="b">004</subfield>
    <subfield code="c">GEN</subfield>
    <subfield code="d">2021-10-01</subfield>
    <subfield code="l">0</subfield>
    <subfield code="o">330 SAM 1989</subfield>
    <subfield code="p">WGCFNRL00000742</subfield>
    <subfield code="r">2021-10-01 00:00:00</subfield>
    <subfield code="t">55</subfield>
    <subfield code="w">2021-10-01</subfield>
    <subfield code="y">BOOKS</subfield>
  </datafield>
  <datafield tag="952" ind1=" " ind2=" ">
    <subfield code="0">0</subfield>
    <subfield code="1">0</subfield>
    <subfield code="2">ddc</subfield>
    <subfield code="4">0</subfield>
    <subfield code="7">0</subfield>
    <subfield code="8">REF</subfield>
    <subfield code="a">004</subfield>
    <subfield code="b">004</subfield>
    <subfield code="c">GEN</subfield>
    <subfield code="d">2021-10-01</subfield>
    <subfield code="l">0</subfield>
    <subfield code="o">330 SAM 1989</subfield>
    <subfield code="p">WGCFNRL00000743</subfield>
    <subfield code="r">2021-10-01 00:00:00</subfield>
    <subfield code="t">56</subfield>
    <subfield code="w">2021-10-01</subfield>
    <subfield code="y">BOOKS</subfield>
  </datafield>
  <datafield tag="952" ind1=" " ind2=" ">
    <subfield code="0">0</subfield>
    <subfield code="1">0</subfield>
    <subfield code="2">ddc</subfield>
    <subfield code="4">0</subfield>
    <subfield code="7">0</subfield>
    <subfield code="8">REF</subfield>
    <subfield code="a">004</subfield>
    <subfield code="b">004</subfield>
    <subfield code="c">GEN</subfield>
    <subfield code="d">2021-10-01</subfield>
    <subfield code="l">0</subfield>
    <subfield code="o">330 SAM 1989</subfield>
    <subfield code="p">WGCFNRL00000744</subfield>
    <subfield code="r">2021-10-01 00:00:00</subfield>
    <subfield code="t">57</subfield>
    <subfield code="w">2021-10-01</subfield>
    <subfield code="y">BOOKS</subfield>
  </datafield>
  <datafield tag="952" ind1=" " ind2=" ">
    <subfield code="0">0</subfield>
    <subfield code="1">0</subfield>
    <subfield code="2">ddc</subfield>
    <subfield code="4">0</subfield>
    <subfield code="7">0</subfield>
    <subfield code="8">REF</subfield>
    <subfield code="a">004</subfield>
    <subfield code="b">004</subfield>
    <subfield code="c">GEN</subfield>
    <subfield code="d">2021-10-01</subfield>
    <subfield code="l">0</subfield>
    <subfield code="o">330 SAM 1989</subfield>
    <subfield code="p">WGCFNRL00000745</subfield>
    <subfield code="r">2021-10-01 00:00:00</subfield>
    <subfield code="t">58</subfield>
    <subfield code="w">2021-10-01</subfield>
    <subfield code="y">BOOKS</subfield>
  </datafield>
  <datafield tag="952" ind1=" " ind2=" ">
    <subfield code="0">0</subfield>
    <subfield code="1">0</subfield>
    <subfield code="2">ddc</subfield>
    <subfield code="4">0</subfield>
    <subfield code="7">0</subfield>
    <subfield code="8">REF</subfield>
    <subfield code="a">004</subfield>
    <subfield code="b">004</subfield>
    <subfield code="c">GEN</subfield>
    <subfield code="d">2021-10-01</subfield>
    <subfield code="l">0</subfield>
    <subfield code="o">330 SAM 1989</subfield>
    <subfield code="p">WGCFNRL00000746</subfield>
    <subfield code="r">2021-10-01 00:00:00</subfield>
    <subfield code="t">59</subfield>
    <subfield code="w">2021-10-01</subfield>
    <subfield code="y">BOOKS</subfield>
  </datafield>
  <datafield tag="952" ind1=" " ind2=" ">
    <subfield code="0">0</subfield>
    <subfield code="1">0</subfield>
    <subfield code="2">ddc</subfield>
    <subfield code="4">0</subfield>
    <subfield code="7">0</subfield>
    <subfield code="8">REF</subfield>
    <subfield code="a">004</subfield>
    <subfield code="b">004</subfield>
    <subfield code="c">GEN</subfield>
    <subfield code="d">2021-10-01</subfield>
    <subfield code="l">0</subfield>
    <subfield code="o">330 SAM 1989</subfield>
    <subfield code="p">WGCFNRL00000747</subfield>
    <subfield code="r">2021-10-01 00:00:00</subfield>
    <subfield code="t">60</subfield>
    <subfield code="w">2021-10-01</subfield>
    <subfield code="y">BOOKS</subfield>
  </datafield>
  <datafield tag="952" ind1=" " ind2=" ">
    <subfield code="0">0</subfield>
    <subfield code="1">0</subfield>
    <subfield code="2">ddc</subfield>
    <subfield code="4">0</subfield>
    <subfield code="7">0</subfield>
    <subfield code="8">REF</subfield>
    <subfield code="a">004</subfield>
    <subfield code="b">004</subfield>
    <subfield code="c">GEN</subfield>
    <subfield code="d">2021-10-01</subfield>
    <subfield code="l">0</subfield>
    <subfield code="o">330 SAM 1989</subfield>
    <subfield code="p">WGCFNRL00000748</subfield>
    <subfield code="r">2021-10-01 00:00:00</subfield>
    <subfield code="t">61</subfield>
    <subfield code="w">2021-10-01</subfield>
    <subfield code="y">BOOKS</subfield>
  </datafield>
  <datafield tag="952" ind1=" " ind2=" ">
    <subfield code="0">0</subfield>
    <subfield code="1">0</subfield>
    <subfield code="2">ddc</subfield>
    <subfield code="4">0</subfield>
    <subfield code="7">0</subfield>
    <subfield code="8">REF</subfield>
    <subfield code="a">004</subfield>
    <subfield code="b">004</subfield>
    <subfield code="c">GEN</subfield>
    <subfield code="d">2021-10-01</subfield>
    <subfield code="l">0</subfield>
    <subfield code="o">330 SAM 1989</subfield>
    <subfield code="p">WGCFNRL00000749</subfield>
    <subfield code="r">2021-10-01 00:00:00</subfield>
    <subfield code="t">62</subfield>
    <subfield code="w">2021-10-01</subfield>
    <subfield code="y">BOOKS</subfield>
  </datafield>
  <datafield tag="952" ind1=" " ind2=" ">
    <subfield code="0">0</subfield>
    <subfield code="1">0</subfield>
    <subfield code="2">ddc</subfield>
    <subfield code="4">0</subfield>
    <subfield code="7">0</subfield>
    <subfield code="8">REF</subfield>
    <subfield code="a">004</subfield>
    <subfield code="b">004</subfield>
    <subfield code="c">GEN</subfield>
    <subfield code="d">2021-10-01</subfield>
    <subfield code="l">0</subfield>
    <subfield code="o">330 SAM 1989</subfield>
    <subfield code="p">WGCFNRL00000750</subfield>
    <subfield code="r">2021-10-01 00:00:00</subfield>
    <subfield code="t">63</subfield>
    <subfield code="w">2021-10-01</subfield>
    <subfield code="y">BOOKS</subfield>
  </datafield>
  <datafield tag="952" ind1=" " ind2=" ">
    <subfield code="0">0</subfield>
    <subfield code="1">0</subfield>
    <subfield code="2">ddc</subfield>
    <subfield code="4">0</subfield>
    <subfield code="7">0</subfield>
    <subfield code="8">REF</subfield>
    <subfield code="a">004</subfield>
    <subfield code="b">004</subfield>
    <subfield code="c">GEN</subfield>
    <subfield code="d">2021-10-01</subfield>
    <subfield code="l">0</subfield>
    <subfield code="o">330 SAM 1989</subfield>
    <subfield code="p">WGCFNRL00000751</subfield>
    <subfield code="r">2021-10-01 00:00:00</subfield>
    <subfield code="t">64</subfield>
    <subfield code="w">2021-10-01</subfield>
    <subfield code="y">BOOKS</subfield>
  </datafield>
  <datafield tag="952" ind1=" " ind2=" ">
    <subfield code="0">0</subfield>
    <subfield code="1">0</subfield>
    <subfield code="2">ddc</subfield>
    <subfield code="4">0</subfield>
    <subfield code="7">0</subfield>
    <subfield code="8">REF</subfield>
    <subfield code="a">004</subfield>
    <subfield code="b">004</subfield>
    <subfield code="c">GEN</subfield>
    <subfield code="d">2021-10-01</subfield>
    <subfield code="l">0</subfield>
    <subfield code="o">330 SAM 1989</subfield>
    <subfield code="p">WGCFNRL00000752</subfield>
    <subfield code="r">2021-10-01 00:00:00</subfield>
    <subfield code="t">65</subfield>
    <subfield code="w">2021-10-01</subfield>
    <subfield code="y">BOOKS</subfield>
  </datafield>
  <datafield tag="952" ind1=" " ind2=" ">
    <subfield code="0">0</subfield>
    <subfield code="1">0</subfield>
    <subfield code="2">ddc</subfield>
    <subfield code="4">0</subfield>
    <subfield code="7">0</subfield>
    <subfield code="8">REF</subfield>
    <subfield code="a">004</subfield>
    <subfield code="b">004</subfield>
    <subfield code="c">GEN</subfield>
    <subfield code="d">2021-10-01</subfield>
    <subfield code="l">0</subfield>
    <subfield code="o">330 SAM 1989</subfield>
    <subfield code="p">WGCFNRL00000753</subfield>
    <subfield code="r">2021-10-01 00:00:00</subfield>
    <subfield code="t">66</subfield>
    <subfield code="w">2021-10-01</subfield>
    <subfield code="y">BOOKS</subfield>
  </datafield>
  <datafield tag="952" ind1=" " ind2=" ">
    <subfield code="0">0</subfield>
    <subfield code="1">0</subfield>
    <subfield code="2">ddc</subfield>
    <subfield code="4">0</subfield>
    <subfield code="7">0</subfield>
    <subfield code="8">REF</subfield>
    <subfield code="a">004</subfield>
    <subfield code="b">004</subfield>
    <subfield code="c">GEN</subfield>
    <subfield code="d">2021-10-01</subfield>
    <subfield code="l">0</subfield>
    <subfield code="o">330 SAM 1989</subfield>
    <subfield code="p">WGCFNRL00000754</subfield>
    <subfield code="r">2021-10-01 00:00:00</subfield>
    <subfield code="t">67</subfield>
    <subfield code="w">2021-10-01</subfield>
    <subfield code="y">BOOKS</subfield>
  </datafield>
  <datafield tag="952" ind1=" " ind2=" ">
    <subfield code="0">0</subfield>
    <subfield code="1">0</subfield>
    <subfield code="2">ddc</subfield>
    <subfield code="4">0</subfield>
    <subfield code="7">0</subfield>
    <subfield code="8">REF</subfield>
    <subfield code="a">004</subfield>
    <subfield code="b">004</subfield>
    <subfield code="c">GEN</subfield>
    <subfield code="d">2021-10-01</subfield>
    <subfield code="l">0</subfield>
    <subfield code="o">330 SAM 1989</subfield>
    <subfield code="p">WGCFNRL00000755</subfield>
    <subfield code="r">2021-10-01 00:00:00</subfield>
    <subfield code="t">68</subfield>
    <subfield code="w">2021-10-01</subfield>
    <subfield code="y">BOOKS</subfield>
  </datafield>
  <datafield tag="952" ind1=" " ind2=" ">
    <subfield code="0">0</subfield>
    <subfield code="1">0</subfield>
    <subfield code="2">ddc</subfield>
    <subfield code="4">0</subfield>
    <subfield code="7">0</subfield>
    <subfield code="8">REF</subfield>
    <subfield code="a">004</subfield>
    <subfield code="b">004</subfield>
    <subfield code="c">GEN</subfield>
    <subfield code="d">2021-10-01</subfield>
    <subfield code="l">0</subfield>
    <subfield code="o">330 SAM 1989</subfield>
    <subfield code="p">WGCFNRL00000756</subfield>
    <subfield code="r">2021-10-01 00:00:00</subfield>
    <subfield code="t">69</subfield>
    <subfield code="w">2021-10-01</subfield>
    <subfield code="y">BOOKS</subfield>
  </datafield>
  <datafield tag="952" ind1=" " ind2=" ">
    <subfield code="0">0</subfield>
    <subfield code="1">0</subfield>
    <subfield code="2">ddc</subfield>
    <subfield code="4">0</subfield>
    <subfield code="7">0</subfield>
    <subfield code="8">REF</subfield>
    <subfield code="a">004</subfield>
    <subfield code="b">004</subfield>
    <subfield code="c">GEN</subfield>
    <subfield code="d">2021-10-01</subfield>
    <subfield code="l">0</subfield>
    <subfield code="o">330 SAM 1989</subfield>
    <subfield code="p">WGCFNRL00000757</subfield>
    <subfield code="r">2021-10-01 00:00:00</subfield>
    <subfield code="t">70</subfield>
    <subfield code="w">2021-10-01</subfield>
    <subfield code="y">BOOKS</subfield>
  </datafield>
  <datafield tag="952" ind1=" " ind2=" ">
    <subfield code="0">0</subfield>
    <subfield code="1">0</subfield>
    <subfield code="2">ddc</subfield>
    <subfield code="4">0</subfield>
    <subfield code="7">0</subfield>
    <subfield code="8">REF</subfield>
    <subfield code="a">004</subfield>
    <subfield code="b">004</subfield>
    <subfield code="c">GEN</subfield>
    <subfield code="d">2021-10-01</subfield>
    <subfield code="l">0</subfield>
    <subfield code="o">330 SAM 1989</subfield>
    <subfield code="p">WGCFNRL00000758</subfield>
    <subfield code="r">2021-10-01 00:00:00</subfield>
    <subfield code="t">71</subfield>
    <subfield code="w">2021-10-01</subfield>
    <subfield code="y">BOOKS</subfield>
  </datafield>
  <datafield tag="952" ind1=" " ind2=" ">
    <subfield code="0">0</subfield>
    <subfield code="1">0</subfield>
    <subfield code="2">ddc</subfield>
    <subfield code="4">0</subfield>
    <subfield code="7">0</subfield>
    <subfield code="8">REF</subfield>
    <subfield code="a">004</subfield>
    <subfield code="b">004</subfield>
    <subfield code="c">GEN</subfield>
    <subfield code="d">2021-10-01</subfield>
    <subfield code="l">0</subfield>
    <subfield code="o">330 SAM 1989</subfield>
    <subfield code="p">WGCFNRL00000759</subfield>
    <subfield code="r">2021-10-01 00:00:00</subfield>
    <subfield code="t">72</subfield>
    <subfield code="w">2021-10-01</subfield>
    <subfield code="y">BOOKS</subfield>
  </datafield>
  <datafield tag="952" ind1=" " ind2=" ">
    <subfield code="0">0</subfield>
    <subfield code="1">0</subfield>
    <subfield code="2">ddc</subfield>
    <subfield code="4">0</subfield>
    <subfield code="7">0</subfield>
    <subfield code="8">REF</subfield>
    <subfield code="a">004</subfield>
    <subfield code="b">004</subfield>
    <subfield code="c">GEN</subfield>
    <subfield code="d">2021-10-01</subfield>
    <subfield code="l">0</subfield>
    <subfield code="o">330 SAM 1989</subfield>
    <subfield code="p">WGCFNRL00000760</subfield>
    <subfield code="r">2021-10-01 00:00:00</subfield>
    <subfield code="t">73</subfield>
    <subfield code="w">2021-10-01</subfield>
    <subfield code="y">BOOKS</subfield>
  </datafield>
  <datafield tag="952" ind1=" " ind2=" ">
    <subfield code="0">0</subfield>
    <subfield code="1">0</subfield>
    <subfield code="2">ddc</subfield>
    <subfield code="4">0</subfield>
    <subfield code="7">0</subfield>
    <subfield code="8">REF</subfield>
    <subfield code="a">004</subfield>
    <subfield code="b">004</subfield>
    <subfield code="c">GEN</subfield>
    <subfield code="d">2021-10-01</subfield>
    <subfield code="l">0</subfield>
    <subfield code="o">330 SAM 1989</subfield>
    <subfield code="p">WGCFNRL00000761</subfield>
    <subfield code="r">2021-10-01 00:00:00</subfield>
    <subfield code="t">74</subfield>
    <subfield code="w">2021-10-01</subfield>
    <subfield code="y">BOOKS</subfield>
  </datafield>
  <datafield tag="952" ind1=" " ind2=" ">
    <subfield code="0">0</subfield>
    <subfield code="1">0</subfield>
    <subfield code="2">ddc</subfield>
    <subfield code="4">0</subfield>
    <subfield code="7">0</subfield>
    <subfield code="8">REF</subfield>
    <subfield code="a">004</subfield>
    <subfield code="b">004</subfield>
    <subfield code="c">GEN</subfield>
    <subfield code="d">2021-10-01</subfield>
    <subfield code="l">0</subfield>
    <subfield code="o">330 SAM 1989</subfield>
    <subfield code="p">WGCFNRL00000762</subfield>
    <subfield code="r">2021-10-01 00:00:00</subfield>
    <subfield code="t">75</subfield>
    <subfield code="w">2021-10-01</subfield>
    <subfield code="y">BOOKS</subfield>
  </datafield>
  <datafield tag="952" ind1=" " ind2=" ">
    <subfield code="0">0</subfield>
    <subfield code="1">0</subfield>
    <subfield code="2">ddc</subfield>
    <subfield code="4">0</subfield>
    <subfield code="7">0</subfield>
    <subfield code="8">REF</subfield>
    <subfield code="a">004</subfield>
    <subfield code="b">004</subfield>
    <subfield code="c">GEN</subfield>
    <subfield code="d">2021-10-01</subfield>
    <subfield code="l">0</subfield>
    <subfield code="o">330 SAM 1989</subfield>
    <subfield code="p">WGCFNRL00000763</subfield>
    <subfield code="r">2021-10-01 00:00:00</subfield>
    <subfield code="t">76</subfield>
    <subfield code="w">2021-10-01</subfield>
    <subfield code="y">BOOKS</subfield>
  </datafield>
  <datafield tag="952" ind1=" " ind2=" ">
    <subfield code="0">0</subfield>
    <subfield code="1">0</subfield>
    <subfield code="2">ddc</subfield>
    <subfield code="4">0</subfield>
    <subfield code="7">0</subfield>
    <subfield code="8">REF</subfield>
    <subfield code="a">004</subfield>
    <subfield code="b">004</subfield>
    <subfield code="c">GEN</subfield>
    <subfield code="d">2021-10-01</subfield>
    <subfield code="l">0</subfield>
    <subfield code="o">330 SAM 1989</subfield>
    <subfield code="p">WGCFNRL00000764</subfield>
    <subfield code="r">2021-10-01 00:00:00</subfield>
    <subfield code="t">77</subfield>
    <subfield code="w">2021-10-01</subfield>
    <subfield code="y">BOOKS</subfield>
  </datafield>
  <datafield tag="952" ind1=" " ind2=" ">
    <subfield code="0">0</subfield>
    <subfield code="1">0</subfield>
    <subfield code="2">ddc</subfield>
    <subfield code="4">0</subfield>
    <subfield code="7">0</subfield>
    <subfield code="8">REF</subfield>
    <subfield code="a">004</subfield>
    <subfield code="b">004</subfield>
    <subfield code="c">GEN</subfield>
    <subfield code="d">2021-10-01</subfield>
    <subfield code="l">0</subfield>
    <subfield code="o">330 SAM 1989</subfield>
    <subfield code="p">WGCFNRL00000765</subfield>
    <subfield code="r">2021-10-01 00:00:00</subfield>
    <subfield code="t">78</subfield>
    <subfield code="w">2021-10-01</subfield>
    <subfield code="y">BOOKS</subfield>
  </datafield>
  <datafield tag="952" ind1=" " ind2=" ">
    <subfield code="0">0</subfield>
    <subfield code="1">0</subfield>
    <subfield code="2">ddc</subfield>
    <subfield code="4">0</subfield>
    <subfield code="7">0</subfield>
    <subfield code="8">REF</subfield>
    <subfield code="a">004</subfield>
    <subfield code="b">004</subfield>
    <subfield code="c">GEN</subfield>
    <subfield code="d">2021-10-01</subfield>
    <subfield code="l">0</subfield>
    <subfield code="o">330 SAM 1989</subfield>
    <subfield code="p">WGCFNRL00000766</subfield>
    <subfield code="r">2021-10-01 00:00:00</subfield>
    <subfield code="t">79</subfield>
    <subfield code="w">2021-10-01</subfield>
    <subfield code="y">BOOKS</subfield>
  </datafield>
  <datafield tag="952" ind1=" " ind2=" ">
    <subfield code="0">0</subfield>
    <subfield code="1">0</subfield>
    <subfield code="2">ddc</subfield>
    <subfield code="4">0</subfield>
    <subfield code="7">0</subfield>
    <subfield code="8">REF</subfield>
    <subfield code="a">004</subfield>
    <subfield code="b">004</subfield>
    <subfield code="c">GEN</subfield>
    <subfield code="d">2021-10-01</subfield>
    <subfield code="l">0</subfield>
    <subfield code="o">330 SAM 1989</subfield>
    <subfield code="p">WGCFNRL00000767</subfield>
    <subfield code="r">2021-10-01 00:00:00</subfield>
    <subfield code="t">80</subfield>
    <subfield code="w">2021-10-01</subfield>
    <subfield code="y">BOOKS</subfield>
  </datafield>
  <datafield tag="952" ind1=" " ind2=" ">
    <subfield code="0">0</subfield>
    <subfield code="1">0</subfield>
    <subfield code="2">ddc</subfield>
    <subfield code="4">0</subfield>
    <subfield code="7">0</subfield>
    <subfield code="8">REF</subfield>
    <subfield code="a">004</subfield>
    <subfield code="b">004</subfield>
    <subfield code="c">GEN</subfield>
    <subfield code="d">2021-10-01</subfield>
    <subfield code="l">0</subfield>
    <subfield code="o">330 SAM 1989</subfield>
    <subfield code="p">WGCFNRL00000768</subfield>
    <subfield code="r">2021-10-01 00:00:00</subfield>
    <subfield code="t">81</subfield>
    <subfield code="w">2021-10-01</subfield>
    <subfield code="y">BOOKS</subfield>
  </datafield>
  <datafield tag="952" ind1=" " ind2=" ">
    <subfield code="0">0</subfield>
    <subfield code="1">0</subfield>
    <subfield code="2">ddc</subfield>
    <subfield code="4">0</subfield>
    <subfield code="7">0</subfield>
    <subfield code="8">REF</subfield>
    <subfield code="a">004</subfield>
    <subfield code="b">004</subfield>
    <subfield code="c">GEN</subfield>
    <subfield code="d">2021-10-01</subfield>
    <subfield code="l">0</subfield>
    <subfield code="o">330 SAM 1989</subfield>
    <subfield code="p">WGCFNRL00000769</subfield>
    <subfield code="r">2021-10-01 00:00:00</subfield>
    <subfield code="t">82</subfield>
    <subfield code="w">2021-10-01</subfield>
    <subfield code="y">BOOKS</subfield>
  </datafield>
  <datafield tag="952" ind1=" " ind2=" ">
    <subfield code="0">0</subfield>
    <subfield code="1">0</subfield>
    <subfield code="2">ddc</subfield>
    <subfield code="4">0</subfield>
    <subfield code="7">0</subfield>
    <subfield code="8">REF</subfield>
    <subfield code="a">004</subfield>
    <subfield code="b">004</subfield>
    <subfield code="c">GEN</subfield>
    <subfield code="d">2021-10-01</subfield>
    <subfield code="l">0</subfield>
    <subfield code="o">330 SAM 1989</subfield>
    <subfield code="p">WGCFNRL00000770</subfield>
    <subfield code="r">2021-10-01 00:00:00</subfield>
    <subfield code="t">83</subfield>
    <subfield code="w">2021-10-01</subfield>
    <subfield code="y">BOOKS</subfield>
  </datafield>
  <datafield tag="952" ind1=" " ind2=" ">
    <subfield code="0">0</subfield>
    <subfield code="1">0</subfield>
    <subfield code="2">ddc</subfield>
    <subfield code="4">0</subfield>
    <subfield code="7">0</subfield>
    <subfield code="8">REF</subfield>
    <subfield code="a">004</subfield>
    <subfield code="b">004</subfield>
    <subfield code="c">GEN</subfield>
    <subfield code="d">2022-05-16</subfield>
    <subfield code="l">0</subfield>
    <subfield code="o">330 SAM 1986</subfield>
    <subfield code="p">WGCFNRL00020040</subfield>
    <subfield code="r">2022-05-16 00:00:00</subfield>
    <subfield code="t">84</subfield>
    <subfield code="w">2022-05-16</subfield>
    <subfield code="y">BOOKS</subfield>
  </datafield>
</record>
